Uganda : The Crisis of Confidence / (Record no. 346)

MARC details
000 -LEADER
fixed length control field 00756nam a22001457a 4500
008 - FIXED-LENGTH DATA ELEMENTS--GENERAL INFORMATION
fixed length control field 110413t xxu||||| |||| 00| 0 eng d
100 ## - MAIN ENTRY--PERSONAL NAME
Personal name Kurunda-Kivejinja A. M.
9 (RLIN) 1030
245 ## - TITLE STATEMENT
Title Uganda : The Crisis of Confidence /
Statement of responsibility, etc A.M. Kirunda - Kivejinja . _
260 ## - PUBLICATION, DISTRIBUTION, ETC. (IMPRINT)
Place of publication, distribution, etc Kampala :
Name of publisher, distributor, etc Progresive Publishing House;
Date of publication, distribution, etc 1995.
300 ## - PHYSICAL DESCRIPTION
Extent 427p.;
Dimensions 24 cm.
942 ## - ADDED ENTRY ELEMENTS (KOHA)
Source of classification or shelving scheme Dewey Decimal Classification
Item type Books
Holdings
Withdrawn status Lost status Source of classification or shelving scheme Damaged status Not for loan Home library Current library Shelving location Date acquired Total Checkouts Full call number Barcode Date last seen Price effective from Koha item type
    Dewey Decimal Classification     Law Development Centre Main Library Law Development Centre Main Library Text Books and Laws 04/13/2011   348.06761 KIR 2011/2746 04/13/2011 04/13/2011 Books
    Dewey Decimal Classification     Law Development Centre Main Library Law Development Centre Main Library Text Books and Laws 04/13/2011   348.06761 KIR 2011/2747 04/13/2011 04/13/2011 Books
    Dewey Decimal Classification     Law Development Centre Main Library Law Development Centre Main Library Text Books and Laws 01/05/2012   320.9096761 3251/2012 01/05/2012 01/05/2012 Books